| 000 | 00596nam a2200205 4500 | ||
|---|---|---|---|
| 001 | 140504 | ||
| 003 | ES-MaACL | ||
| 007 | t| | ||
| 008 | 070214s1960 sp r ||||1| spa d | ||
| 100 | 1 |
_aSealey, W. C. _9104983 |
|
| 245 | 1 | 0 |
_aTransformadores / _cW. C. Sealey. |
| 250 | _a1ª. ed. | ||
| 260 |
_aMadrid : _b[s.n.], _c1960. |
||
| 300 |
_a125 p. : _bil. ; _c19 cm. |
||
| 490 | 1 | _aInternational Correspondence Schools System | |
| 500 | _aEs la parte 1ª. | ||
| 830 | 0 |
_aInternational Correspondence Schools System _9220333 |
|
| 852 |
_aES-MaACL _jE-4935 _bR.45882 |
||
| 999 |
_c140504 _d140504 |
||